<?xml version="1.0" encoding="UTF-8"?>
<collection xmlns="http://www.loc.gov/MARC21/slim">
 <record>
  <leader>01080nam a2200205 a 4500</leader>
  <controlfield tag="001">1/54209</controlfield>
  <controlfield tag="008">211026s2004    gr a          000 | gre d</controlfield>
  <datafield tag="020" ind1=" " ind2=" ">
   <subfield code="a">9607666380 </subfield>
  </datafield>
  <datafield tag="040" ind1=" " ind2=" ">
   <subfield code="a">GR-PeUP</subfield>
  </datafield>
  <datafield tag="082" ind1="0" ind2="0">
   <subfield code="a">956.9442 ΙΩΑ</subfield>
  </datafield>
  <datafield tag="100" ind1="1" ind2=" ">
   <subfield code="a">Ιωαννίδης, Βενιαμίν.</subfield>
  </datafield>
  <datafield tag="245" ind1="1" ind2="0">
   <subfield code="a">Προσκυνητάριον της Αγίας Γης :</subfield>
   <subfield code="b">η Αγία πόλις Ιερουσαλήμ και τα περίχωρα αυτής /</subfield>
   <subfield code="c">Βενιαμίν Ιωαννίδου.</subfield>
  </datafield>
  <datafield tag="260" ind1=" " ind2=" ">
   <subfield code="a">Εν Θεσσαλονίκη :</subfield>
   <subfield code="b">Εκδόσεις Μυγδονία,</subfield>
   <subfield code="c">2004.</subfield>
  </datafield>
  <datafield tag="300" ind1=" " ind2=" ">
   <subfield code="a">360 σ. : </subfield>
   <subfield code="b">εικ. ; </subfield>
   <subfield code="c">31 εκ.</subfield>
  </datafield>
  <datafield tag="500" ind1=" " ind2=" ">
   <subfield code="a">Πάνω του τίτλου: Προσκυνητάριον της Αγίας Γης, τεύχος Αʹ.</subfield>
  </datafield>
  <datafield tag="500" ind1=" " ind2=" ">
   <subfield code="a">Εκδοθέν υπό του σεβασμιωτάτου γέροντος Αγίου Σκευοφύλακος του Παναγίου Τάφου.</subfield>
  </datafield>
  <datafield tag="650" ind1=" " ind2="0">
   <subfield code="a">Jerusalem</subfield>
   <subfield code="x">History.</subfield>
  </datafield>
  <datafield tag="650" ind1=" " ind2="4">
   <subfield code="a">Ιερουσαλήμ</subfield>
   <subfield code="x">Ιστορία.</subfield>
  </datafield>
  <datafield tag="852" ind1=" " ind2=" ">
   <subfield code="a">INST</subfield>
   <subfield code="b">UNIPILB</subfield>
   <subfield code="c">MAIN</subfield>
   <subfield code="e">20211026</subfield>
   <subfield code="h">956.9442 ΙΩΑ</subfield>
   <subfield code="p">00185670</subfield>
   <subfield code="q">00185670</subfield>
   <subfield code="t">LOAN</subfield>
   <subfield code="y">0</subfield>
   <subfield code="4">1</subfield>
  </datafield>
  <datafield tag="960" ind1=" " ind2=" ">
   <subfield code="a">ΑΛΜΠΑΝΗ ΤΑΝΙΑ</subfield>
  </datafield>
 </record>
</collection>
